Fałszywi przyjaciele i kognaty w języku angielskim - Statystyki

Ogólne statystyki
  • Ten quiz został rozwiązany 2 263 razy
  • Średni wynik to 11 z 15
Statystyki odpowiedzi
Zagadnienie Odpowiedź % Poprawnych
Pasta Makaron
97%
Map Mapa
88%
Restaurant Restauracja
87%
Criminal Przestępca
84%
Herb Zioło
82%
Examine Badać
78%
Bandage Bandaż
78%
Date Data
74%
Receipt Paragon
73%
Fabric Tkanina
73%
Bank Bank
72%
Eventually Ostatecznie
69%
Sympathetic Życzliwy
67%
Hazard Zagrożenie
64%
Pension Emerytura
62%
Nie znaleziono quizów pasujących do podanych kryteriów
Rozkład punktacji
Procent ludzi z każdym wynikiem
Percentyl według liczby udzielonych odpowiedzi
Twoja historia wyników
Nie rozwiązałeś tego quizu